000 01081nam a2200229 a 4500
001 80921
003 BD-RjUL
005 20221207121917.0
008 221206s1879 ii 000 0 urd c
035 _a(BD-RjUL)80921
040 _aUkOxU
_cUkOxU
_beng
041 _aurd
082 _223
_a492.75
_bQAM 1879
100 1 _aQamar uddin, Muhanmmad
_96211
245 1 0 _aمجموعۀ ميزان الصرف، تمتۀ مفيده، منشعب منثور،فوائده نافعه، تبصرۀ کامله، تتمۀ ابواب مزيد، منشعب منظوم، شجر منشعب Majmūʿah-ʼi Mīzān al-ṣarf, , takmilah-ʼi mufīdah, munshaʿab-i mans̲ūr,,, tatammah-ʼi abvāb-i mazīd, munshaʿab-i manẓūm, shajar-i munshaʿab /
_cمحمد قمر الدين Muhammad qamar uddin
260 _aKānpūr :
_bMaṭbaʿ-i Niẓāmī,
_c1295 [1879]
300 _apt. ;
_c26 cm.
500 _a"Bi-ihtimām-i Muḥammad ʿAbd al-Raḥmān ibn Ḥājjī Muḥammad Rawshan Khān." - t.p.
505 _aPt. 1-6
650 0 _aArabic language
_xGrammar.
942 _2ddc
_cBK
999 _c80921
_d80921